000 01571nam a2200301Ia 4500
999 _c55053
_d55053
001 22128
003 GE_BSU
005 20221114163338.0
008 181216s ||||ge |||||||||||||| ||geo||
020 _a9789941213106
040 _cGE_BSU
041 _ageo
080 _a338.22(73)(092)+004.42 მ-32
245 _aმარკ ცუკერბერგი :
_b [Facebook-ის დამფუძნებელი] ბიზნესის გენია ტ.2 /
_cშემდგ. ირმა ხარშილაძე ; მთ. რედ. ნინო დეკანოსიძე.
264 _aთბილისი :
_bპალიტრა L,
_c2013.
300 _a72 გვ. :
_bფოტ. ;
_c20 სმ.
490 _aსერია "ბიზნესის გენია" 2298-0989 ტ. 2
541 _h3ლ.75თ.
653 _aამერიკელი ბიზნესმენები
653 _aამერიკელი პროგრამისტები
653 _aკომპიუტერული პროგრამები
653 _aეკონომიკა
653 _aკომპიუტერული ტექნოლოგიები
653 _aმარკ ცუკერბერგი : [Facebook-ის დამფუძნებელი] ბიზნესის გენია ტ.2
700 _aხარშილაძე, ირმა
_eშემდგენელი
_91324
700 _aდეკანოსიძე, ნინო
_915790
942 _cBK
_2udc